000 00916nam2a22002291 4500
001 rc\4283348
005 20250611150108.0
035 _a(NLR Aleph) 008247466
090 _a8314614
_c8314614
100 _a20130416d1957 |||y0rusy50 ca
101 0 _arus
102 _aRU
105 _ay z |||||
200 1 _aКвадратно-гнездовой способ возделывания хлопчатника
210 _aФрунзе
_cКиргизгосиздат
_d1957]
461 0 _1001rc\4283345
_12001#$aБиблиотека хлопкоробов Киргизии$e[1-7$v[3]
_98314597
_cФрунзе
_d1957]
_nКиргизгосиздат
_o[1-7
_p7 бр. в обл.-папке
_tБиблиотека хлопкоробов Киргизии
_v[3]
700 1 _aЖусупув
_bЭ.
_gЭшенкул
801 0 _aRU
_bNLR
_gpsbo
801 1 _aRU
_bELAR
_2rusmarc
852 _aNLR
_j57-2/1786
942 _cBOOK
980 _aNB